| 000 | 00646nam a22001937a 4500 | ||
|---|---|---|---|
| 999 |
_c15220 _d15220 |
||
| 003 | AR-CdUCM | ||
| 008 | 190426b ||||| |||| 00| 0 spa d | ||
| 020 | _a978-607-16-1304-2 | ||
| 040 |
_aMUNICIPALIDAD PROVINCIAL DEL CUSCO _cBIBLIOTECA MUNICIPAL DEL CUSCO |
||
| 082 |
_aPI / 800.068 / _bM88 |
||
| 100 |
_aMartínez, Rocío _934253 |
||
| 245 | _aAbue, cuéntame / | ||
| 260 |
_aMéxico, D.F. : _bFondo de cultura económica, _c2013. |
||
| 300 |
_a24 páginas ; _bIlustraciones, _c26 cm. |
||
| 440 |
_aLos especiales de Ala orilla del viento ; _934254 |
||
| 650 |
_aLiteratura infantil _9588 |
||
| 942 |
_2ddc _cLIBROS |
||
| 945 |
_aacv _d2019-04-26 |
||